Mudala vaibhava (Record no. 105266)

MARC details
000 -LEADER
fixed length control field 00620nam a2200205Ia 4500
003 - CONTROL NUMBER IDENTIFIER
control field OSt
005 - DATE AND TIME OF LATEST TRANSACTION
control field 20250901095827.0
008 - FIXED-LENGTH DATA ELEMENTS--GENERAL INFORMATION
fixed length control field 210210b1998 xxu||||| |||| 00| 0 eng d
040 ## - CATALOGING SOURCE
Transcribing agency AL
041 ## - LANGUAGE CODE
Language code of text/sound track or separate title Kannada
082 ## - DEWEY DECIMAL CLASSIFICATION NUMBER
Classification number 398.2K TIPM
100 ## - MAIN ENTRY--PERSONAL NAME
Personal name TIPPESWAMY (G R).
9 (RLIN) 138298
Dates associated with a name ತಿಪ್ಪೇಸ್ವಾಮಿ (ಜಿಆರ್)
245 ## - TITLE STATEMENT
Title Mudala vaibhava
Remainder of title ಮೂಡಲ ವೈಭವ
260 ## - PUBLICATION, DISTRIBUTION, ETC.
Place of publication, distribution, etc. Bengaluru.
Name of publisher, distributor, etc. Karnataka Janapada mattu Yakshagana Akademi.,
Date of publication, distribution, etc. 1998
300 ## - PHYSICAL DESCRIPTION
Extent 81
650 ## - SUBJECT ADDED ENTRY--TOPICAL TERM
Topical term or geographic name entry element Vichara sankirana prabandhagalu
9 (RLIN) 238035
690 ## - LOCAL SUBJECT ADDED ENTRY--TOPICAL TERM (OCLC, RLIN)
Topical term or geographic name as entry element Folklore
9 (RLIN) 138299
906 ## - LOCAL DATA ELEMENT F, LDF (RLIN)
a 057760
942 ## - ADDED ENTRY ELEMENTS (KOHA)
Source of classification or shelving scheme Dewey Decimal Classification
Koha item type Book
Holdings
Withdrawn status Lost status Source of classification or shelving scheme Damaged status Not for loan Collection code Home library Current library Date acquired Source of acquisition Cost, normal purchase price Total Checkouts Full call number Barcode Date last seen Price effective from Koha item type
    Dewey Decimal Classification     Others St Aloysius Library St Aloysius Library 02/17/2021 Karnataka Janapada Akademi, Bengaluru. 25.00   398.2K TIPM 057760 02/17/2021 02/17/2021 Book
    Dewey Decimal Classification     Others St Aloysius Library St Aloysius Library 02/17/2021 Karnataka Janapada Akademi, Bengaluru. 25.00   398.2K TIPM 059426 02/17/2021 02/17/2021 Book